000 00263nam a2200097 a 4500
005 20200929163552.0
008 091209s1981 000 spa d
245 0 _aAnteproyecto de reforma al arancel de aduanas.
260 _aSanto Domingo,
_c1981.
999 _c13903
_d13903
040 _aDO-SdBNP